Представление документа в формате MARC21

Поле Инд. ПП Название Значение
Тип записи a
Библиографический уровень m
001 Контрольный номер 45530477-1483-416e-a0d6-57921b5f5ff1
005 Дата корректировки 20140703141537.3
008 Кодируемые данные 051205
020 c Цена, тираж б/ц
040 a Служба первич. каталог. НБ ТвГУ
041 a Код языка текста rus
080 a Индекс УДК 821.0(043.3)
a Индекс УДК 821.161.1.09(043.3)
084 a Индекс другой классификации/Индекс ББК Ш401.1я031
a Индекс другой классификации/Индекс ББК Ш5(2=411.2)-33я031
a Индекс другой классификации/Индекс ББК Ш09я031
090 x Авторский знак А94
a Полочн. индекс Ш401.1
100 1_ a Автор Афонина Елена Юрьевна
245 10 a Заглавие Поэтика авторского прозаического цикла
b Продолж. заглавия автореф. дис. ... канд. филол. наук : 10.01.08
c Ответственность Твер. гос. ун-т, Каф. теории лит.
260 0_ a Место издания Тверь
b Издательство Тверской государственный университет
c Дата издания 2005
300 a Объем 22 с.
500 a Примечание На правах рукоп.
504 a Библиография Библиогр.: с. 22 и в подстроч. примеч.
583 a Действие Получение впервые 388 05.12.2005
650 a Основная рубрика Литературоведение
x Основная подрубрика Циклизация
650 a Основная рубрика Литература
x Основная подрубрика Теория
x Основная подрубрика Поэтика
650 a Основная рубрика Русская литература
x Основная подрубрика Проза
x Основная подрубрика Циклы прозаические
650 a Основная рубрика Текстология
653 a Ключевые слова Литературоведение
a Ключевые слова Поэтика
a Ключевые слова Циклизация
a Ключевые слова Теория литературы
a Ключевые слова Прозаические циклы
a Ключевые слова Авторские прозаические циклы
a Ключевые слова Художественные циклы
a Ключевые слова Циклы (лит.)
a Ключевые слова Сюжет цикла
a Ключевые слова Персонажи цикла
a Ключевые слова Композиция цикла
a Ключевые слова Текстология
a Ключевые слова Авторефераты
a Ключевые слова Труды Тверского государственного университета
710 a Организация/ юрисдикция Тверской государственный университет
852 t Порядковый номер экземпляра 2
p Инвентарный номер б/н
888 a Бесплатные
930 a Новая/Ретро авторефераты
952 p 388.2005 б/ц 2 б/н
c Вид литературы А/Р н
954 a Дата поступления на обработку 20051230
999 a Подразделение 2 ч.з.